000 00414nam a22001337a 4500
008 140217b xxu||||| |||| 00| 0 eng d
050 _aBX 3704.
_bM294 1997
110 _aJesuits
_98693
245 _aManuale Practicum Iuris Societatis Iesu /
_bJesuits
260 _aRome
_bApud Curiam Praepositi Generals
_c1997
300 _axiv, 294p.
_c19cm.
650 _aJesuits
_vRules
_vManuals
_98694
942 _2lcc
_cMONOGRAPH
999 _c120070
_d120070